Từ điển ngoại thương Anh - Việt và Việt - Anh

Na minha lista:
Detalhes bibliográficos
Autor principal: Nguyễn Văn Hảo
Formato: Livro
Idioma:Undetermined
Publicado em: Hà Nội KHKT 1998
Assuntos:
Tags: Adicionar Tag
Sem tags, seja o primeiro a adicionar uma tag!
Thư viện lưu trữ: Trung tâm Học liệu Trường Đại học Cần Thơ
LEADER 00547nam a2200169Ia 4500
001 CTU_27058
008 210402s9999 xx 000 0 und d
082 |a 382.03 
082 |b H108 
100 |a Nguyễn Văn Hảo 
245 0 |a Từ điển ngoại thương Anh - Việt và Việt - Anh 
245 0 |c Nguyễn Văn Hảo 
260 |a Hà Nội 
260 |b KHKT 
260 |c 1998 
650 |a english language - dictionaries,vietnamese language - dictionaries 
980 |a Trung tâm Học liệu Trường Đại học Cần Thơ